[Event "ARA Campeonato de Aragon por Equipos Preferente Grupo I (204363)"]
[Site "Aragon"]
[Date "2019.02.23"]
[Round "5.33"]
[White "Planas Torrea, Francisco Javier"]
[Black "Pache Marconell, Juan"]
[Result "1-0"]
[WhiteElo "2060"]
[BlackElo "1870"]
[PlyCount "0"]
[WhiteTeam "Ejea"]
[BlackTeam "Teruel B"]
[EventDate "2019.01.26"]

1. e4 d6 2. d4 Nf6 3. Nc3 c6 4. a4 g6 5. Nge2 Bg7 6. g3 Bg4 7. Bg2 Qc8 8. h3
Be6 9. Bg5 Na6 10. Qd2 Nb4 11. a5 c5 12. d5 Bd7 13. g4 h5 14. f3 hxg4 15. hxg4
Rxh1+ 16. Bxh1 Qc7 17. Nf4 Nh7 18. Bh4 Bh6 19. Bg3 Ng5 20. Qh2 Bg7 21. Nd3
O-O-O 22. Qd2 Rh8 23. Bg2 Rh3 24. Ne2 Bh6 25. f4 Rxg3 26. Nxg3 Nh7 27. Bh3 Bg7
28. c3 Nxd3+ 29. Qxd3 Nf6 30. f5 c4 31. Qe3 Bb5 32. Qxa7 g5 33. Qb6 Qd7 34. Nh5
Nxh5 35. gxh5 Ba6 36. f6 Qxh3 37. fxg7 Qh1+ 38. Kd2 Qg2+ 39. Ke3 Qg3+ 40. Ke2
Qg2+ 41. Qf2 Qxe4+ 42. Kd2 Qxd5+ 43. Kc2 Qe4+ 44. Kd2 Qd5+ 45. Qd4 Qg2+ 46. Kc1
Qf1+ 47. Kc2 Qf5+ 48. Kd2 Qh7 49. Re1 e5 50. Qxd6 Qxg7 51. Rxe5 1-0

[Event "ARA Campeonato de Aragon por Equipos Preferente Grupo I (204363)"]
[Site "Aragon"]
[Date "2019.02.23"]
[Round "5.34"]
[White "Andres Escorihuela, Alejandro"]
[Black "Planas Torrea, Alberto"]
[Result "0-1"]
[WhiteElo "1669"]
[BlackElo "1915"]
[PlyCount "0"]
[WhiteTeam "Teruel B"]
[BlackTeam "Ejea"]
[EventDate "2019.01.26"]

1. d4 d5 2. Nf3 c6 3. e3 e6 4. Bd3 Bd6 5. O-O Nd7 6. Nbd2 f5 7. b3 Ngf6 8. Bb2
Ne4 9. Ne5 Qf6 10. f4 O-O 11. Rf3 Qe7 12. Nxd7 Bxd7 13. Rh3 Nxd2 14. Qxd2 a5
15. a4 b5 16. c4 bxc4 17. bxc4 Bb4 18. Bc3 Rab8 19. Rb1 Bxc3 20. Qxc3 Rxb1+ 21.
Bxb1 Rb8 22. Bc2 Rb4 23. c5 Bc8 24. g4 g6 25. Rg3 fxg4 26. Rxg4 e5 27. f5 e4
28. Qe1 Bxf5 29. Rg2 Bh3 30. Rg3 Bc8 31. Rg2 Ba6 32. Qg3 Bd3 33. Bxd3 exd3 34.
h4 Qe4 35. Qg5 Rb1+ 36. Kh2 d2 37. Qd8+ Kg7 38. Qd7+ Kh6 39. Qd8 Rh1+ 40. Kxh1
d1=Q+ 41. Kh2 Qdf3 42. Qg5+ Kg7 43. h5 Qf6 44. h6+ Kf7 45. Qg3 Qfh4+ 46. Qh3
Qxh3+ 47. Kg1 Qhxg2# 0-1

[Event "ARA Campeonato de Aragon por Equipos Preferente Grupo I (204363)"]
[Site "Aragon"]
[Date "2019.02.23"]
[Round "5.36 "]
[White "Garcia Fuentes, Jorge"]
[Black "Asin Jimenez, Pedro Jose"]
[Result "0-1"]
[WhiteElo "1466"]
[BlackElo "1735"]
[PlyCount "0"]
[WhiteTeam "Teruel B"]
[BlackTeam "Ejea"]
[EventDate "2019.01.26"]


1. e4 d5 2. exd5 Qxd5 3. Nc3 Qa5 4. d4 Nf6 5. Bd2 c6 6. Nf3 Qc7 7. Bc4 Bg4 8.
Be2 e6 9. Ne5 Bxe2 10. Qxe2 Nbd7 11. O-O-O Nxe5 12. dxe5 Nd5 13. Nxd5 cxd5 14.
Qb5+ Qc6 15. Qxc6+ bxc6 16. Be3 Be7 17. Rhe1 O-O 18. Rd3 c5 19. Rb3 Rfb8 20.
Rxb8+ Rxb8 21. Bd2 c4 22. Bc3 Bc5 23. Re2 d4 24. Be1 Rd8 25. c3 Rd5 26. f4 h6
27. Re4 Kh7 28. Bf2 dxc3 29. Bxc5 cxb2+ 30. Kxb2 Rxc5 31. Kc3 Ra5 32. Re2 Kg6
33. g3 Kf5 34. Kxc4 g5 35. fxg5 hxg5 36. Kd4 Rd5+ 37. Kc4 Rxe5 38. Rf2+ Kg6 39.
Kd4 Rd5+ 40. Ke3 f5 41. h3 Ra5 42. Kf3 Ra3+ 43. Kg2 e5 44. g4 f4 45. Rc2 Ra6
46. Kf3 Kf6 47. Ke4 Ke6 48. Kf3 Ra3+ 49. Kg2 e4 50. Rd2 e3 51. Re2 Rd3 52. Kf3
Ke5 53. Rc2 Rd2 54. Rc5+ Kd4 55. Rxg5 Rf2# 0-1

[Event "ARA Campeonato de Aragon por Equipos Preferente Grupo I (204363)"]
[Site "Aragon"]
[Date "2019.02.23"]
[Round "5.3.1"]
[White "Sierra Aguerri, Joaquin"]
[Black "Miranda Herrera, Jorge Manuel"]
[Result "1-0"]
[WhiteElo "2082"]
[BlackElo "1950"]
[PlyCount "0"]
[WhiteTeam "Tauste"]
[BlackTeam "Monsalud-Soluzion"]
[EventDate "2019.01.26"]

1. e4 c5 2. g3 Nc6 3. Bg2 g6 4. Ne2 Bg7 5. O-O Nf6 6. c3 O-O 7. f4 d6 8. d3 
Rb8 9. h3 Qc7 10. a4 b6 11. Na3 a6 12. g4 Rd8 13. Ng3 b5 14. axb5 axb5 15. 
Bd2 b4 16. Nc4 d5 17. e5 dxc4 18. exf6 Bxf6 19. Qa4 Rxd3 20. Qxc6 Qxc6 21. 
Bxc6 Rxg3+ 22. Kh2 Rd3 23. Rfd1 bxc3 24. Bxc3 Bxc3 25. bxc3 Rb2+ 26. Kg1 Bb7 
27. Bxb7 Rxb7 28. Ra8+ Kg7 29. Rd8 Rxc3 30. Rc8 Rb2 31. g5 Rg3+ 32. Kf1 Rxh3 
33. Kg1 Rd3 34. Rc1 Rg3+ 35. Kh1 Rf3 36. Rxc5 Rxf4 37. Kg1 Rg4+ 38. Kh1 Rbg2 
0-1

[Event "ARA Campeonato de Aragon por Equipos Preferente Grupo I (204363)"]
[Site "Aragon"]
[Date "2019.02.23"]
[Round "5.3.3"]
[White "Sancho Casale, Jesus"]
[Black "Miranda Herrera, Miguel"]
[Result "1-0"]
[WhiteElo "1970"]
[BlackElo "1748"]
[PlyCount "0"]
[WhiteTeam "Tauste"]
[BlackTeam "Monsalud-Soluzion"]
[EventDate "2019.01.26"]

1. e4 e5 2. Nf3 Nf6 3. Nxe5 d6 4. Nf3 Nxe4 5. d4 d5 6. Bd3 Bd6 7. c4 c6 8. 
Nc3 Bf5 9. O-O O-O 10. cxd5 Nxc3 11. bxc3 Bxd3 12. Qxd3 cxd5 13. Rb1 Qc8 14. 
Ng5 g6 15. Qf3 Qd7 16. Nh3 Re8 17. Nf4 Bxf4 18. Bxf4 Nc6 19. h4 Re4 20. Bg5 
Nd8 21. Rfe1 Rxe1+ 22. Rxe1 Ne6 23. Qf6 Nxg5 24. Re7 Nf3+ 25. gxf3 Qf5 26. 
Qxf5 gxf5 27. Rxb7 Rc8 28. Rxa7 Rxc3 29. Ra5 Rc2 30. Rxd5 Rxa2 31. Rxf5 Ra4 
32. Rf4 h5 33. Kg2 Kg7 34. Kg3 Kg6 35. d5 Ra8 36. d6 Rd8 37. Rd4 Kf5 38. f4 
Ke6 39. d7 Rxd7 40. f5+ Ke7 41. f6+ Ke6 42. Rxd7 Kxd7 43. Kf4 Ke6 44. Kg5 Ke5 
45. f3 1-0

[Event "ARA Campeonato de Aragon por Equipos Preferente Grupo I (204363)"]
[Site "Aragon"]
[Date "2019.02.23"]
[Round "5.3.4"]
[White "Castera Montagud, Rafael"]
[Black "Liarte Marinoso, Aaron"]
[Result "1/2-1/2"]
[WhiteElo "1671"]
[BlackElo "1613"]
[PlyCount "0"]
[WhiteTeam "Monsalud-Soluzion"]
[BlackTeam "Tauste"]
[EventDate "2019.01.26"]

1. e4 g6 2. f4 d6 3. Nf3 Bg7 4. d4 c5 5. c3 cxd4 6. cxd4 Nf6 7. Nc3 O-O 8. 
Bd3 Nc6 9. O-O Qb6 10. Na4 Qc7 11. h3 a6 12. Be3 b5 13. Nc3 Na5 14. e5 Nd7 
15. Nd5 Qd8 16. Rc1 Bb7 17. Nb4 Rc8 18. Qe2 Nb6 19. Rxc8 Qxc8 20. b3 Nd5 21. 
Nxd5 Bxd5 22. Rc1 Qb8 23. Qc2 Nc6 24. a3 Qb6 25. Be4 Bxe4 26. Qxe4 Na5 27. 
Qd3 d5 28. Bd2 Nc6 29. Rc5 e6 30. b4 Rc8 31. Be1 Na7 32. Bh4 Bf8 33. Rxc8 
Nxc8 34. Nd2 Be7 35. Bf2 Qc6 36. g3 Nb6 37. Kf1 Qc1+ 38. Be1 Nc4 39. Nxc4 
dxc4 1/2-1/2

[Event "ARA Campeonato de Aragon por Equipos Preferente Grupo I (204363)"]
[Site "Aragon"]
[Date "2019.02.23"]
[Round "5.4.1"]
[White "Torcal Miguel, Oscar"]
[Black "Sanchez Herrera, Miguel"]
[Result "1-0"]
[WhiteElo "2084"]
[BlackElo "2088"]
[PlyCount "0"]
[WhiteTeam "Ibercaja B"]
[BlackTeam "Agrupacion B"]
[EventDate "2019.01.26"]

1.e4 c5 2.Nf3 Nc6 3.Bb5 d6 4.Bxc6+ bxc6 5.O-O e5 6.c3 Nf6 7.Re1 Bg4 8.h3 Bh5
9.d3 Be7 10.Nbd2 O-O 11.Nf1 Bxf3 12.Qxf3 Ne8 13.Qg4 Qc8 14.Qxc8 Rxc8 15.Ne3 g6
16.Nc4 f5 17.exf5 gxf5 18.f4 e4 19.dxe4 Bh4 20.Rd1 fxe4 21.Be3 Be7 22.Rd2 Kf7
23.g4 h5 24.Rad1 Rg8 25.Rg2 hxg4 26.hxg4 Rd8 27.Kf2 Nf6 28.g5 Nd5 29.Bc1 Kg6
30.Na5 Rc8 31.Nxc6 Rxc6 32.Rxd5 Ra6 33.a3 Rf8 34.Ke3 Ra4 35.b3 Ra6 36.Kxe4 Rb6
37.f5+ Kf7 38.f6 Bd8 39.Kf5 Ke8 40.Re2+ Kd7 41.Bf4 Rxb3 42.Bxd6 Kc6 43.Bxf8 Kxd5
44.Rd2+ 1-0

[Event "ARA Campeonato de Aragon por Equipos Preferente Grupo I (204363)"]
[Site "Aragon"]
[Date "2019.02.23"]
[Round "5.4.2"]
[White "Garcia Morales, Roberto"]
[Black "Barranco Castillo, Jose Antonio"]
[Result "1-0"]
[WhiteElo "2030"]
[BlackElo "2049"]
[PlyCount "0"]
[WhiteTeam "Agrupacion B"]
[BlackTeam "Ibercaja B"]
[EventDate "2019.01.26"]

1.e4 d6 2.d4 Nf6 3.Nc3 e5 4.Nf3 Nbd7 5.Bc4 Be7 6.Bg5 h6 7.dxe5 Nxe5 8.Nxe5 dxe5
9.Be3 Qxd1+ 10.Rxd1 c6 11.f3 Nd7 12.a3 Bc5 13.Rxd7 Bxe3 14.Rxf7 b5 15.Ba2 g5
16.Ke2 Bd4 17.Nd1 Ba6 18.b4 Rd8 19.c3 Bb6 20.h4 g4 21.fxg4 Bc8 22.Ne3 Bxe3
23.Kxe3 Rf8 24.Rxf8+ Kxf8 25.g5 hxg5 26.hxg5 Kg7 27.Bb3 Rd6 28.Rf1 Kg6 29.Rf8
Be6 30.Bxe6 Rxe6 31.Rf6+ Rxf6 32.gxf6 Kxf6 33.Kf3 Kg5 34.Kg3 a6 35.Kf3 Kh5 36.g3
Kg5 37.Kf2 Kh5 38.Kg2 Kg4 39.Kf2 Kh5 40.Kg1 Kg6 41.Kg2 Kh5 42.Kh3 Kg5 43.g4 Kf4
44.Kh4 Kxe4 45.g5 Kd3 46.g6 e4 47.g7 e3 48.g8=Q e2 49.Qg1 Kd2 50.Qd4+ Kc1
51.Qe3+ Kd1 52.Qd3+ Ke1 53.Kg3 1-0

[Event "ARA Campeonato de Aragon por Equipos Preferente Grupo I (204363)"]
[Site "Aragon"]
[Date "2019.02.23"]
[Round "5.4.3"]
[White "Sanchez Castro, Roberto"]
[Black "Carruez Berges, Santiago"]
[Result "1-0"]
[WhiteElo "2037"]
[BlackElo "2024"]
[PlyCount "0"]
[WhiteTeam "Ibercaja B"]
[BlackTeam "Agrupacion B"]
[EventDate "2019.01.26"]

1.g3 e5 2.Bg2 Nc6 3.Nc3 Nf6 4.e4 Bc5 5.d3 d6 6.h3 Be6 7.Nd5 Bxd5 8.exd5 Ne7
9.Bg5 Qd7 10.c3 Qf5 11.d4 exd4 12.cxd4 Bb4+ 13.Bd2 Bxd2+ 14.Qxd2 Nexd5 15.Qe2+
Qe6 16.Qxe6+ fxe6 17.Ne2 c6 18.Nc3 Nc7 19.Kd2 O-O 20.Rhe1 Rae8 21.Re2 g5 22.b4
Nfd5 23.Nxd5 Nxd5 24.a3 Kf7 25.Bxd5 cxd5 26.Rc1 Kf6 27.Rc7 Rf7 28.Rxf7+ Kxf7
29.f4 gxf4 30.gxf4 Rg8 31.Re3 Rg2+ 32.Ke1 Kf6 33.Rc3 Rg7 34.Kf2 Kf5 35.Kf3 h5
36.Rc8 Rg1 37.Rf8+ 1-0

[Event "ARA Campeonato de Aragon por Equipos Preferente Grupo I (204363)"]
[Site "Aragon"]
[Date "2019.02.23"]
[Round "5.4.4"]
[White "Carruez Berges, Fernando"]
[Black "Jimenez Fernandez, Alejandro"]
[Result "1/2-1/2"]
[WhiteElo "1993"]
[BlackElo "1985"]
[PlyCount "0"]
[WhiteTeam "Agrupacion B"]
[BlackTeam "Ibercaja B"]
[EventDate "2019.01.26"]

1.e4 c6 2.d4 d5 3.exd5 cxd5 4.Bd3 Nf6 5.h3 Nc6 6.Nf3 e6 7.c3 Bd6 8.O-O Bd7 9.Qe2
Qc7 10.Re1 O-O-O 11.Ne5 Rdf8 12.b4 Rhg8 13.Na3 Ne7 14.Nxd7 Qxd7 15.Nb5 Kb8
16.Nxd6 Qxd6 17.Qf3 Qc6 18.Bf4+ Ka8 19.Rec1 Ng6 20.b5 Qd7 21.Bg3 Rc8 22.a4 Rgf8
23.b6 a6 24.Bb5 Qe7 25.Qe2 Ne8 26.Bxa6 Nd6 27.Bxd6 Qxd6 28.a5 Nf4 29.Qb2 e5
30.dxe5 Qg6 31.Bf1 Nxh3+ 32.Kh2 Ng5 33.a6 Qh5+ 34.Kg1 Qg4 35.axb7+ Kxb7 36.Ba6+
Kb8 37.Bxc8 Nf3+ 38.Kh1 Rxc8 39.Ra8+ Kb7 40.Ra7+ Kb8 41.Ra8+ Kb7 42.Ra7+ Kb8
43.Ra8+ 1/2-1/2 0,5 - 0,5

[Event "ARA Campeonato de Aragon por Equipos Preferente Grupo I (204363)"]
[Site "Aragon"]
[Date "2019.02.23"]
[Round "5.5.1"]
[White "Galve Guinea, Alejandro"]
[Black "Hinojar Basa, Alfonso"]
[Result "1/2-1/2"]
[WhiteElo "2001"]
[BlackElo "2192"]
[PlyCount "0"]
[WhiteTeam "El Olivar C"]
[BlackTeam "Marcos Frechin A"]
[EventDate "2019.01.26"]

1. Nf3 c5 2. c4 Nc6 3. Nc3 g6 4. g3 Bg7 5. Bg2 e6 6. d3 Nge7 7. Bg5 h6 8. Bd2
d5 9. O-O O-O 10. Rb1 b6 11. cxd5 exd5 12. a3 Be6 13. b4 c4 14. dxc4 dxc4 15.
Qc1 Kh7 16. Rd1 Qe8 17. Nb5 Rd8 18. Bc3 Rxd1+ 19. Qxd1 Bxc3 20. Nxc3 Qb8 21.
Qc2 Nf5 22. e3 Ne5 23. Rd1 Nxf3+ 24. Bxf3 Qe5 25. b5 Kg7 26. a4 Rc8 27. Bg2 Rc7
28. Bc6 Ne7 29. Bg2 Nf5 30. Bc6 Ne7 31. Bg2 Nf5 1/2-1/2

[Event "ARA Campeonato de Aragon por Equipos Preferente Grupo I (204363)"]
[Site "Aragon"]
[Date "2019.02.23"]
[Round "5.5.2"]
[White "Ciriano Lamban, Alejandro"]
[Black "Labrador Postigo, Francisco M."]
[Result "1-0"]
[WhiteElo "2041"]
[BlackElo "1876"]
[PlyCount "0"]
[WhiteTeam "Marcos Frechin A"]
[BlackTeam "El Olivar C"]
[EventDate "2019.01.26"]

1. Nf3 d5 2. c4 c6 3. g3 Bg4 4. Bg2 Nf6 5. b3 e6 6. O-O Bd6 7. Bb2 O-O 8. d3
Nbd7 9. Nc3 Re8 10. Rc1 Qe7 11. Qc2 dxc4 12. bxc4 e5 13. h3 Bh5 14. Nh4 Bg6 15.
Nxg6 hxg6 16. Rfd1 Rad8 17. Rb1 Nc5 18. Bc1 Ne6 19. Qb2 Rd7 20. a4 Bc5 21. a5
a6 22. Na4 Bd4 23. Qa3 Qd8 24. e3 Ba7 25. Nb6 Rde7 26. Bd2 g5 27. Bb4 c5 28.
Bxc5 Nxc5 29. Qxc5 g4 30. hxg4 Rc7 31. Qb4 Nxg4 32. Qa4 Re6 33. d4 Qg5 34. d5
Rh6 35. d6 Bxb6 36. axb6 Qf5 37. Rb2 Rd7 38. c5 Rh2 39. Qe4 Qh5 40. Rdb1 f5 41.
Qd5+ Rf7 42. d7 Rxg2+ 43. Kxg2 Qh2+ 44. Kf1 Qh3+ 45. Ke2 1-0

[Event "ARA Campeonato de Aragon por Equipos Preferente Grupo I (204363)"]
[Site "Aragon"]
[Date "2019.02.23"]
[Round "5.5.3"]
[White "De La Riva Fernandez, Eduardo"]
[Black "Ruiperez Gumiel, Ramon"]
[Result "0-1"]
[WhiteElo "1794"]
[BlackElo "1873"]
[PlyCount "0"]
[WhiteTeam "El Olivar C"]
[BlackTeam "Marcos Frechin A"]
[EventDate "2019.01.26"]

1. e4 c5 2. Nf3 Nc6 3. d4 cxd4 4. Nxd4 Nf6 5. Nc3 e5 6. Ndb5 d6 7. Bg5 a6 8.
Na3 b5 9. Nd5 Be7 10. Bxf6 Bxf6 11. c3 Bg5 12. Nc2 O-O 13. h4 Bh6 14. g4 Bf4
15. Qf3 Ne7 16. Nxf4 exf4 17. Qxf4 Ng6 18. Qg3 Qe7 19. O-O-O Bb7 20. Bg2 Rfd8
21. f4 Bxe4 22. Rhe1 d5 23. h5 Nf8 24. g5 Ne6 25. g6 fxg6 26. hxg6 Qf6 27. Bxe4
dxe4 28. gxh7+ Kh8 29. Rxe4 Rxd1+ 30. Kxd1 Rf8 31. Nb4 Qf5 32. Qe3 Nxf4 33.
Nxa6 Ng2 34. Qe2 Nf4 35. Qe3 Rd8+ 36. Kc1 Qd7 37. Rd4 Nd5 38. Nc5 Qf5 39. Qe4
Qg5+ 40. Kc2 Ne3+ 41. Kb3 Rxd4 42. cxd4 Nd5 43. Nd3 Nf6 44. Ne5 Nxe4 45. Nf7+
Kxh7 46. Nxg5+ Nxg5 47. d5 Nf7 48. Kc3 g5 49. a3 Kg6 50. b3 Kf5 51. a4 bxa4 52.
bxa4 0-1

[Event "ARA Campeonato de Aragon por Equipos Preferente Grupo I (204363)"]
[Site "Aragon"]
[Date "2019.02.23"]
[Round "5.5.4"]
[White "Torres Ferrandez, Mario"]
[Black "Salete Sanchez, Victor"]
[Result "1-0"]
[WhiteElo "1872"]
[BlackElo "1420"]
[PlyCount "0"]
[WhiteTeam "Marcos Frechin A"]
[BlackTeam "El Olivar C"]
[EventDate "2019.01.26"]
1. c4 c5 2. Nc3 Nc6 3. g3 g6 4. Bg2 Bg7 5. e4 e5 6. Nge2 Nge7 7. O-O O-O 8. d3
d6 9. Be3 Be6 10. Qd2 Qd7 11. Bh6 f5 12. Bxg7 Kxg7 13. Nd5 Nd4 14. Nxd4 cxd4
15. f4 Bxd5 16. exd5 Ng8 17. Rae1 Rae8 18. fxe5 dxe5 19. c5 Nf6 20. c6 bxc6 21.
dxc6 Qc7 22. Qb4 Rb8 23. Qc5 Ng4 24. Re2 Ne3 25. Rc1 Rfe8 26. b4 a6 27. a4 Nxg2
28. Kxg2 Qb6 29. c7 Qxc5 30. Rxc5 Rbc8 31. b5 e4 32. Kf2 exd3 33. Rxe8 Rxe8 34.
c8=Q d2 35. Qd7+ 1-0

[Event "ARA Campeonato de Aragon por Equipos Preferente Grupo II (204366)"]
[Site "Aragon"]
[Date "2019.02.23"]
[Round "5.1.1"]
[White "Accattato Martin, Mario"]
[Black "Vallverdu Miret, Oscar"]
[Result "1/2-1/2"]
[WhiteElo "2215"]
[BlackElo "2089"]
[PlyCount "0"]
[WhiteTeam "Monzon"]
[BlackTeam "Fraga"]
[EventDate "2019.01.26"]

1. e4 c5 2. Nf3 Nc6 3. Bb5 a6 4. Bxc6 bxc6 5. d3 d6 6. h3 h6 7. O-O e5 8. Nh2
g5 9. Be3 Bg7 10. Nc3 Nf6 11. b3 Be6 12. g4 Qd7 13. f3 Ng8 14. Ne2 Ne7 15. Re1
Ng6 16. Rc1 Nf4 17. Nxf4 gxf4 1/2-1/2

[Event "ARA Campeonato de Aragon por Equipos Preferente Grupo II (204366)"]
[Site "Aragon"]
[Date "2019.02.23"]
[Round "5.1.2"]
[White "Aribau Rivas, Miguel Angel"]
[Black "Barranco Mananet, Fernando"]
[Result "1-0"]
[WhiteElo "2043"]
[BlackElo "2045"]
[PlyCount "0"]
[WhiteTeam "Fraga"]
[BlackTeam "Monzon"]
[EventDate "2019.01.26"]

1. e4 c5 2. Nf3 e6 3. d4 cxd4 4. Nxd4 Nc6 5. g3 g6 6. Nc3 Qc7 7. Bg2 a6 8. O-O
Bg7 9. Nb3 Nge7 10. a4 b6 11. Nd5 Qb8 12. Bf4 e5 13. Be3 Nxd5 14. exd5 Nd8 15.
Nd2 Nb7 16. Bxb6 d6 17. Nc4 O-O 18. Be3 Nc5 19. a5 Nd7 20. Qd2 Re8 21. Ra3 Qc7
22. Nb6 Nxb6 23. axb6 Qb8 24. Qb4 Bb7 25. Rd1 Qd8 26. Bf1 Qd7 27. Rc3 Rec8 28.
Rxc8+ Rxc8 29. c4 Re8 30. b3 h5 31. h4 Bf6 32. Qd2 Rc8 33. Kh2 Qe7 34. Re1 Re8
35. Bg2 Rd8 36. Rc1 Rc8 37. b4 e4 38. Kg1 Qe5 39. Bf4 Qb2 40. Qxb2 Bxb2 41. Rc2
Be5 42. Bxe5 dxe5 43. Bxe4 f5 44. c5 fxe4 45. c6 Rb8 46. cxb7 Rxb7 47. Rc6 Kf8
48. Kf1 Ke8 49. Ke2 Rb8 50. Ke3 Kd7 51. Kxe4 Re8 52. Rxg6 Rc8 53. f3 Re8 54.
Re6 1-0

[Event "ARA Campeonato de Aragon por Equipos Preferente Grupo II (204366)"]
[Site "Aragon"]
[Date "2019.02.23"]
[Round "5.1.3"]
[White "Arrieta Restrepo, Steven"]
[Black "Casas Chine, German"]
[Result "0-1"]
[WhiteElo "1949"]
[BlackElo "1785"]
[PlyCount "0"]
[WhiteTeam "Monzon"]
[BlackTeam "Fraga"]
[EventDate "2019.01.26"]

1. Nf3 Nf6 2. b3 g6 3. Bb2 Bg7 4. g3 O-O 5. Bg2 d6 6. d4 Nc6 7. O-O Ne4 8. Nbd2
Nxd2 9. Qxd2 e5 10. d5 Ne7 11. c4 h6 12. Rac1 f5 13. Rfd1 g5 14. c5 Ng6 15.
cxd6 cxd6 16. Ba3 g4 17. Ne1 f4 18. Qb4 Rf6 19. Rc4 Bf8 20. Rdc1 Rf7 21. Qc3
fxg3 22. hxg3 Bd7 23. Rc7 b6 24. Be4 Qf6 25. Qe3 Nf4 26. gxf4 exf4 27. Qc3 Qh4
28. Ng2 Qg5 29. Qd3 h5 30. Bb2 Bg7 31. Rxd7 Rxd7 32. Bxg7 Rxg7 33. Bf5 f3 34.
Be6+ Kh8 35. Qe3 fxg2 36. Qxg5 Rxg5 37. Kxg2 Kh7 38. Rc6 Re8 39. Kg3 Kh6 40. e4
Re5 41. Kf4 Re7 0-1

[Event "ARA Campeonato de Aragon por Equipos Preferente Grupo II (204366)"]
[Site "Aragon"]
[Date "2019.02.23"]
[Round "5.1.4"]
[White "Agustin De Dios, Adrian"]
[Black "Ocabo Vera, Pedro Aristides"]
[Result "0-1"]
[WhiteElo "1717"]
[BlackElo "1775"]
[PlyCount "0"]
[WhiteTeam "Fraga"]
[BlackTeam "Monzon"]
[EventDate "2019.01.26"]

1. e4 g6 2. d4 Bg7 3. Nc3 d6 4. Be3 a6 5. Qd2 Nd7 6. h4 h5 7. f3 b5 8. O-O-O b4
9. Nd5 a5 10. Nh3 c6 11. Ndf4 Qc7 12. Kb1 Bb7 13. Ng5 Nb6 14. d5 Bc8 15. Bd4
Nf6 16. dxc6 Qxc6 17. Bxb6 Qxb6 18. Nd5 Qc5 19. Qd4 Qxd4 20. Rxd4 Nxd5 21. Rxd5
O-O 22. Be2 Be5 23. g4 hxg4 24. fxg4 f6 25. Nh3 Bb7 26. Rdd1 Bxe4 27. Bc4+ Kg7
28. Rhe1 Bf3 29. Be2 Bb7 30. g5 Bc8 31. gxf6+ Bxf6 32. Ng5 Bxg5 33. hxg5 Bf5
34. Bd3 Ra7 35. Rg1 Rc7 36. Rg3 Rc5 37. Re1 e5 38. b3 Rc3 39. Rge3 Rfc8 40. Rc1
Bxd3 41. Rxd3 Rxd3 42. cxd3 Rxc1+ 43. Kxc1 Kf7 44. Kd2 Ke6 45. Ke3 Kf5 46. Kf3
d5 47. Ke3 Kxg5 48. d4 e4 49. Kd2 Kf4 0-1

[Event "ARA Campeonato de Aragon por Equipos Preferente Grupo II (204366)"]
[Site "Aragon"]
[Date "2019.02.23"]
[Round "5.2.1"]
[White "Fontana Sotomayor, Luis Javier"]
[Black "Gracia Campo, Carlos Alberto"]
[Result "1-0"]
[WhiteElo "2256"]
[BlackElo "2074"]
[PlyCount "0"]
[WhiteTeam "Jaime Casas B"]
[BlackTeam "El Olivar B"]
[EventDate "2019.01.26"]

1. e4 d6 2. d4 Nf6 3. Nc3 g6 4. h3 Bg7 5. Nf3 O-O 6. Be2 c5 7. d5 a6 8. a4 Qa5
9. Nd2 Nbd7 10. O-O Qc7 11. Nc4 Rb8 12. a5 b5 13. axb6 Nxb6 14. Na5 Bd7 15. Be3
c4 16. Qd2 Rfc8 17. Ra2 Na4 18. Nxa4 Nxe4 19. Qe1 c3 20. Nxc3 Rxb2 21. Nxe4
Rxa2 22. Nc4 Rxc2 23. Nb6 Rxe2 24. Qxe2 Bb5 25. Qa2 Bxf1 26. Nxc8 Bd3 27. Nb6
Bxe4 28. Qa4 h5 29. Qxe4 Bf6 30. Qa4 Qc3 31. Qxa6 Qe1+ 32. Qf1 Qc3 33. Qc1
Qxc1+ 34. Bxc1 Bd4 35. Be3 Bc3 36. Kf1 Kg7 37. Ke2 Kf6 38. Kd3 Ba5 39. Nc4 Bb4
40. Ke4 Kg7 41. g4 hxg4 42. hxg4 Kf8 43. Bd4 Kg8 44. Nb2 Ba5 45. Nc4 Bb4 46. f3
Be1 47. Nb6 Kf8 48. Nc8 Bg3 49. Na7 Be1 50. Nc6 Bg3 51. Be3 Be1 52. Bg5 f6 53.
Be3 Bc3 54. f4 Kf7 55. f5 g5 56. Bb6 1-0

[Event "ARA Campeonato de Aragon por Equipos Preferente Grupo II (204366)"]
[Site "Aragon"]
[Date "2019.02.23"]
[Round "5.2.2"]
[White "Bailo Remacha, Santiago"]
[Black "Maza Broto, Pablo"]
[Result "1-0"]
[WhiteElo "1965"]
[BlackElo "2065"]
[PlyCount "0"]
[WhiteTeam "El Olivar B"]
[BlackTeam "Jaime Casas B"]
[EventDate "2019.01.26"]

1. g3 d5 2. d4 c5 3. Bg2 Nf6 4. Nf3 Nc6 5. O-O cxd4 6. Nxd4 e5 7. Nxc6 bxc6 8.
c4 Be6 9. Qa4 Qd7 10. Nc3 Rc8 11. Rd1 d4 12. f4 Bc5 13. b4 d3+ 14. bxc5 Qd4+
15. e3 Qxc3 16. Bxc6+ Rxc6 17. Qxc6+ Bd7 18. Qa8+ Ke7 19. Qxh8 Qxa1 20. c6 Qxa2
21. cxd7 Kxd7 22. Rxd3+ 1-0

[Event "ARA Campeonato de Aragon por Equipos Preferente Grupo II (204366)"]
[Site "Aragon"]
[Date "2019.02.23"]
[Round "5.2.3"]
[White "Rodriguez Leiva, Manuel"]
[Black "Bayod Rubia, Angel"]
[Result "1-0"]
[WhiteElo "1932"]
[BlackElo "1961"]
[PlyCount "0"]
[WhiteTeam "Jaime Casas B"]
[BlackTeam "El Olivar B"]
[EventDate "2019.01.26"]

1. c4 e5 2. Nc3 Nc6 3. g3 Nf6 4. Bg2 Be7 5. Nf3 O-O 6. O-O d6 7. d4 exd4 8.
Nxd4 Ne5 9. b3 c6 10. Qc2 Re8 11. Bb2 Bf8 12. Rad1 Qc7 13. Nf5 Be6 14. Ne4 Nxe4
15. Bxe4 Ng6 16. Rfe1 Rad8 17. h4 h5 18. Ne3 Ne5 19. Bh7+ Kh8 20. Bf5 Qc8 21.
Bxe6 Qxe6 22. Ng2 Ng6 23. Qd2 Qg4 24. Qg5 Qxg5 25. hxg5 Re6 26. f4 Re4 27. e3
Rde8 28. Kf2 Kg8 29. Rh1 Ne7 30. Rxh5 Nf5 31. Rdh1 f6 32. g6 Nh6 33. Kf3 f5 34.
Bc1 d5 35. cxd5 cxd5 36. Bb2 R4e6 37. Bd4 Rxg6 38. Nh4 Ra6 39. Nxf5 Nxf5 40.
Rxf5 Rxa2 41. Rxd5 Ra3 42. Rb1 Rc8 43. g4 b6 44. Rd7 Rb8 45. g5 Ra5 46. g6 Rc8
47. Kg4 Re8 48. Rf1 Rb5 49. Rxa7 Rxb3 50. Rc1 b5 51. Rcc7 Rb1 52. Kf5 Rg1 53.
Bxg7 Bd6 54. Rd7 Bc5 55. Rab7 Rb1 56. Be5 Bxe3 57. Rg7+ Kf8 58. Rbf7# 1-0

[Event "ARA Campeonato de Aragon por Equipos Preferente Grupo II (204366)"]
[Site "Aragon"]
[Date "2019.02.23"]
[Round "5.2.4"]
[White "Arinez Bruna, Octavio"]
[Black "Buil Rello, Jose Antonio"]
[Result "1/2-1/2"]
[WhiteElo "1905"]
[BlackElo "1761"]
[PlyCount "0"]
[WhiteTeam "El Olivar B"]
[BlackTeam "Jaime Casas B"]
[EventDate "2019.01.26"]

1. Nf3 Nf6 2. c4 c6 3. b3 d5 4. Bb2 e6 5. g3 Be7 6. Bg2 Nbd7 7. O-O O-O 8. d4
b6 9. Nbd2 Bb7 10. Rc1 Rc8 11. Re1 Re8 12. Ne5 c5 13. cxd5 exd5 14. Ndf3 Bd6
15. Bh3 Rc7 16. Nxd7 Nxd7 17. Qd3 Qe7 18. Rc2 Nf6 19. Rec1 Ne4 20. dxc5 bxc5
21. Nd2 Ng5 22. Bg4 g6 23. e3 f5 24. Be2 h5 25. Qc3 d4 26. Qc4+ Kh7 27. exd4
Qxe2 28. Qxe2 Rxe2 29. Nc4 Rxc2 30. Rxc2 cxd4 31. h4 Nf3+ 32. Kf1 Ba6 33. Ke2
Ne5 34. Bxd4 Bxc4+ 35. bxc4 Rxc4 36. Rxc4 Nxc4 37. Bxa7 Kg7 38. Kd3 Na3 39.
Bd4+ Kf7 40. Bb2 Ke6 41. Bg7 Kd5 42. Bf6 Bb4 43. Bb2 Nc4 44. Bc1 Ne5+ 45. Ke2
Ke4 46. a4 Nd3 47. f3+ Kd4 48. Be3+ Kc4 49. Bb6 Bc5 50. Bc7 Nb4 51. Kf1 Na6 52.
Bd8 Kb4 53. a5 Kb5 54. Kg2 Be3 55. g4 f4 56. gxh5 gxh5 57. Kf1 Bd2 58. Ke2 Be3
59. Kd3 Nc5+ 60. Kc3 Ne6 61. Be7 Bf2 62. Kd3 Kxa5 63. Ke4 Bg3 64. Bf6 Kb5 65.
Kf5 Nc7 66. Kg5 Nd5 67. Be5 Kc4 68. Kxh5 Kd3 69. Kg4 Ne3+ 70. Kg5 1/2-1/2